Matching Fields and Balls Quiz Stats

 Plays Quiz Updated Jul 24, 2018

Score 0/10 Timer 03:00
3 Plays Today
Question Answer Wrong Answers
Tennis Tennis
99%
Baseball
0.4%
Baseball Baseball
98.6%
Lacrosse
0.6%
Basketball Basketball
98.6%
Volleyball
0.7%
Field Hockey Field Hockey
97.8%
Bowling
1.4%
Cricket Cricket
97%
Golf
2.2%
American Football American Football
97%
Rugby
2.3%
Football Football
95.9%
Handball
3.4%
Volleyball Volleyball
95.1%
Football
4.2%
Rugby Rugby
92.5%
Waterpolo
6.8%
Handball Handball
59.1%
Squash
40.4%

You're not logged in!

Compare scores with friends on all Sporcle quizzes.
OR
Log In

Sporcle TV

Today on Sporcle TV


Watch our educational content, quiz creation guides, and fun videos on Sporcle TV.

Show Comments

Extras

Top Quizzes Today


Score Distribution

Your Account Isn't Verified!

In order to create a playlist on Sporcle, you need to verify the email address you used during registration. Go to your Sporcle Settings to finish the process.

Report this User

Report this user for behavior that violates our Community Guidelines.

Details: